| 000 | 01131nam a22003137a 4500 | ||
|---|---|---|---|
| 001 | BR8701495 | ||
| 003 | BR-BrBNA | ||
| 005 | 20230928092420.0 | ||
| 007 | ta | ||
| 008 | 230509b bl.||||| |||| 00| 0 por d | ||
| 040 |
_aBR-BrBNA _bpor _cBiblioteca Nacional de Agricultura |
||
| 041 | _a(Por) | ||
| 072 |
_aF01 _b0700 _b0900 _b/G514 |
||
| 090 | _ 0700 BR8701495 | ||
| 100 | 1 | _aHentschke, R. | |
| 100 | 1 | _aMondin, V.P. | |
| 100 | 1 | _aOtaki, Y. | |
| 110 | 1 |
_aEmpresa de Assistencia Tecnica e Extensao Rural do Estado de Santa Catarina, Florianopolis (Brasil); _94031 |
|
| 110 | 1 | _aAssociacao de Credito e Assistencia Rural de Santa Catarina, Florianopolis (Brasil) | |
| 245 | 1 | _aFrutas de clima temperado: producoes da safra 81/82 [Santa Catarina, Brasil] | |
| 260 | 3 |
_aFlorianopolis, SC (Brasil): _c1982. |
|
| 300 | _a23 p. | ||
| 500 | _a11 tables. (*) Documento disponível na(o) Empresa Catarinense de Pesquisa Agropecuaria S.A., Florianopolis, SC (Brazil) | ||
| 650 | _aPRODUCAO VEGETAL | ||
| 650 | _aFRUTA DE CLIMA TEMPERADO | ||
| 650 | _aSANTA CATARINA | ||
| 909 |
_a202309 _bLucia _c55 _dLucia Elande |
||
| 942 | _cBK | ||
| 999 |
_c38928 _d38928 |
||